Agents can flash (VALORANT) - Statistiques

Statistiques générales
  • Ce quiz a été pris 605 fois
  • Le résultat moyen est 8 sur 9
Statistiques - réponses
Rôle Agents % Correct
Duelist Phoenix
96%
Duelist Reyna
96%
Duelist Yoru
92%
Initiator Skye
91%
Controller Omen
86%
Initiator Breach
84%
Initiator Kayo
84%
Sentinel Vyse
79%
Initiator Gekko
76%
Aucun quiz correspondant
Distribution des résultats
% des personnes avec chaque résultat
Percentile par nombre de réponses
Votre historique - résultats
Vous n’avez pas pris ce quiz